विश्व के प्रमुख संविधान / (Record no. 32083)

MARC details
000 -LEADER
fixed length control field 01361nam a22002777a 4500
005 - DATE AND TIME OF LATEST TRANSACTION
control field 2009112605135.0
008 - FIXED-LENGTH DATA ELEMENTS--GENERAL INFORMATION
fixed length control field 091126t xxu||||| |||| 00| 0 hin d
010 ## - LCCN (DPL NO)
LC control number HIN-88712
020 ## - INTERNATIONAL STANDARD BOOK NUMBER
International Standard Book Number 9788190732888
Terms of availability 900.00
035 ## - SYSTEM CONTROL NUMBER
System control number HN-61058
037 ## - SOURCE OF ACQUISITION
Source of stock number/acquisition DBAD / PUB
040 ## - CATALOGING SOURCE
Original cataloging agency DPL
Language of cataloging HN
082 ## - DEWEY DECIMAL CLASSIFICATION NUMBER
Classification number 342
100 ## - MAIN ENTRY--PERSONAL NAME
Personal name इकबाल नारायण
245 ## - TITLE STATEMENT
Title विश्व के प्रमुख संविधान /
Statement of responsibility, etc इकबाल नारायण; राममूर्ति मीणा एवं अनुपमा सक्सेना द्वारा संपादित
246 ## - VARYING FORM OF TITLE
Title proper/short title Vishva ke pramukh samvidhan
Remainder of title by Iqbal Narayan; edited by Rammurti Meena and Anupama Saxena
260 ## - PUBLICATION, DISTRIBUTION, ETC. (IMPRINT)
Place of publication, distribution, etc जयपुर
Name of publisher, distributor, etc ग्रन्थ विकास
Date of publication, distribution, etc 2009
270 ## - ADDRESS
Address सी-37, राजापार्क, आदर्श नगर
City जयपुर
Postal code 4
300 ## - PHYSICAL DESCRIPTION
Extent वि.पृ
Dimensions 22सेमी (सजिल्द)
650 ## - SUBJECT ADDED ENTRY--TOPICAL TERM
Topical term or geographic name as entry element संविधान
650 ## - SUBJECT ADDED ENTRY--TOPICAL TERM
Topical term or geographic name as entry element Constitution
700 ## - ADDED ENTRY--PERSONAL NAME
Personal name मीणा, राममूर्ति
700 ## - ADDED ENTRY--PERSONAL NAME
Personal name सक्सेना, अनुपमा
942 ## - ADDED ENTRY ELEMENTS (KOHA)
Source of classification or shelving scheme Dewey Decimal Classification
Item type Hindi Books
Classification part 342
Call number suffix इकबा
Holdings
Withdrawn status Lost status Source of classification or shelving scheme Damaged status Not for loan Collection code Home library Current library Date acquired Source of acquisition Cost, normal purchase price Total Checkouts Full call number Barcode Date last seen Copy number Cost, replacement price Koha item type
    Dewey Decimal Classification   Not For Loan Non-fiction D.B.Act.Division D.B.Act.Division 26/11/2009 DBAD / PUB 900.00   342 नाराय HN-61058 26/11/2009 1 900.00 Hindi Books

© Delhi Public Library
Hit Counter
free hit counter